| 000 | 00505nam a2200181Ia 4500 | ||
|---|---|---|---|
| 999 |
_c34619 _d34619 |
||
| 003 | OSt | ||
| 005 | 20200914103607.0 | ||
| 008 | 190216s9999||||xx |||||||||||||| ||und|| | ||
| 020 | _a9788120349018 | ||
| 040 | _coclc | ||
| 082 |
_a537 _bPRA/E |
||
| 100 |
_aPramanik, Ashutosh _94561 |
||
| 245 | 0 |
_aElectromagnetism Volume 2 / _cAshutosh Pramanik |
|
| 260 |
_bPhi Learning, _c2014. _aNew Delhi: |
||
| 300 | _a549p | ||
| 650 | _aPhysics | ||
| 942 |
_cBK _2ddc _h537 _iPRA/E _k537 _mPRA/E |
||